000 00457nam a2200181Ia 4500
001 18170
005 20260306171611.0
008 260306s9999||||xx |||||||||||||| ||und||
041 _aESP
082 _a658.4012
_bP78S 2003
100 _aPorter, Michael E.
_eAUT
245 0 _aSer competitivo:
_bnuevas aportaciones y conclusiones
260 _c2003
300 _a478 páginas :
_c23 cm.
650 _aGEN
654 _aCAN
942 _cLIB
_dJUS
_fJUS
_2ddc
_n
999 _c18170
_d18170